ŠPECIÁLNE BETÓNY V SSSR

Bibliographic Details
Main Author: BORIS GRIGORIEVIČ SKRAMTAJEV (Author)
Other Authors: Skrúcaný, R. (Translator)
Format: Article
Language:Slovak

MARC

LEADER 00000nab a2200000uu 4500
001 vtls010895307
003 SK-MaSNL
005 20260303141737.0
008 230222|1958 xo |||||||||||||||||slo|
015 |a SNBRB 
035 |a (urnnbn)urn:nbn:sk:snk:ar-006i38 
035 |a (uuid)2962739c-543c-4265-acae-bb0b20267586 
035 |a urn:nbn:sk:snk-ab8o8f 
040 |a SNKBUCL  |b slo  |c SNKBUCL  |e AACR2 
041 0 |a slo 
044 |a xo  |c SK 
100 1 |a BORIS GRIGORIEVIČ SKRAMTAJEV  |4 aut  |9 1161559 
245 1 0 |a ŠPECIÁLNE BETÓNY V SSSR  |c Boris Grigorievič Skramtajev, R. Skrúcaný 
700 1 |a Skrúcaný, R.  |4 trl  |9 1161560 
773 0 |t Stavebnícky časopis : mesačník pre teoretické problémy stavebných látok a konštrukcií  |g Roč. 6, č. 3 (1958), s. 131-137 
954 |a odborná, vedecká literatúra pôvodná (slovenská)  |2 lita 
958 |a OND 
958 |a EUIPO 
958 |a article10 
999 |c 1978401  |d 1980331